Mellor's Modern Inorganic Chemistry / (Record no. 70187)
[ view plain ]
| 000 -LEADER | |
|---|---|
| fixed length control field | 00659nam a2200217 a 4500 |
| 001 - CONTROL NUMBER | |
| control field | 70187 |
| 003 - CONTROL NUMBER IDENTIFIER | |
| rucl marc code | BD-RjUL |
| 005 - DATE AND TIME OF LATEST TRANSACTION | |
| control field | 20211209081955.0 |
| 008 - FIXED-LENGTH DATA ELEMENTS--GENERAL INFORMATION | |
| fixed length control field | 170416s1951 enk | |||1 | eng d |
| 035 ## - SYSTEM CONTROL NUMBER | |
| System control number | (BD-RjUL)70400 |
| 040 ## - CATALOGING SOURCE | |
| Original cataloging agency | BD-RjUL |
| Language of cataloging | eng |
| Transcribing agency | BD-RjUL |
| 041 ## - LANGUAGE CODE | |
| Language code of text/sound track or separate title | eng |
| 082 ## - DEWEY DECIMAL CLASSIFICATION NUMBER | |
| Edition number | 23 |
| Classification number | 546 |
| Author mark and year | MEL 1951 |
| 245 00 - TITLE STATEMENT | |
| Title | Mellor's Modern Inorganic Chemistry / |
| Statement of responsibility, etc. | edited and revised by G.D. Parkes. |
| 250 ## - EDITION STATEMENT | |
| Edition statement | New rev. and ed. |
| 260 ## - PUBLICATION, DISTRIBUTION, ETC. (IMPRINT) | |
| Place of publication, distribution, etc. | London : |
| Name of publisher, distributor, etc. | Longmans Green and Co., |
| Date of publication, distribution, etc. | 1951 [Impression 1960] |
| 300 ## - PHYSICAL DESCRIPTION | |
| Pagination | xxi, 967 p. : |
| Illustrations | ill. ; |
| Size | 22 cm. |
| 500 ## - GENERAL NOTE | |
| General note | Inventory Control Project record. |
| 650 ## - SUBJECT ADDED ENTRY--TOPICAL TERM | |
| Topical term or geographic name as entry element | Inorganic Chemistry |
| 9 (RLIN) | 161098 |
| 942 ## - ADDED ENTRY ELEMENTS (KOHA) | |
| Source of classification or shelving scheme | Dewey Decimal Classification |
| Koha item type | Books |
| Lost status | Source of classification or shelving scheme | Damaged status | Not for loan | Collection code | Permanent Location | Current Location | Shelving location | Date acquired | Source of acquisition | Cost, normal purchase price | Total Checkouts | Full call number | Date last seen | Copy number | Koha item type |
|---|---|---|---|---|---|---|---|---|---|---|---|---|---|---|---|
| Dewey Decimal Classification | Not For Loan | Non-fiction | Central Library, University of Rajshahi | Central Library, University of Rajshahi | Reading Room | 02/03/1955 | F. sons | 15.10 | 546 MELL 1951 | 16/04/2017 | C-1 | Books | |||
| Dewey Decimal Classification | Non-fiction | Central Library, University of Rajshahi | Central Library, University of Rajshahi | 02/02/1961 | Colombo plan | 546 MEL 1960 | 08/06/2017 | C-2 | Books | ||||||
| Dewey Decimal Classification | Non-fiction | Central Library, University of Rajshahi | Central Library, University of Rajshahi | 28/02/1962 | Colombo plan | 546 MEL 1961 | 08/06/2017 | C-3 | Books | ||||||
| Dewey Decimal Classification | Non-fiction | Central Library, University of Rajshahi | Central Library, University of Rajshahi | 21/02/1961 | Colombo Plan | 546 MEL 1951 | 03/03/2019 | C-4 | Books |